It looks like you're offline.
Open Library logo
additional options menu

MARC record from Internet Archive

LEADER: 00740cam 22002051 4500
001 5913294
005 20030718143823.0
008 821101s1920 kyuac 000 0beng
035 $9(DLC) 21008258
906 $a0$bcbc$cpremver$du$encip$f19$gy-gencatlg
010 $a 21008258
040 $aDLC$cCarP$dDLC
050 00 $aLD397.5$b.A5 1920
110 2 $aBerea college. [from old catalog]
245 00 $aInauguration of William James Hutchins, president of Berea college, October 22, 1920.
260 $aBerea, Ky.,$bBerea college press$c[1920]
300 $a32 p.$bincl. front., illus. (incl. ports.)$c26 cm.
600 10 $aHutchins, William J.$q(William James),$d1871-1958.
985 $fcc20$genh
991 $bc-GenColl$hLD397.5$i.A5 1920$tCopy 1$wPREM